| 000 | 00702nam a2200181 i 4500 | ||
|---|---|---|---|
| 001 | 38192 | ||
| 003 | ES-MaACL | ||
| 005 | 20230906155720.0 | ||
| 007 | t| | ||
| 008 | 030224s1913 sp ||||1| spa d | ||
| 100 | 1 |
_aCalatayud Ortizá, Antonio. _933541 |
|
| 245 | 1 | 3 |
_aLa condición jurídica del espacio aéreo ante el derecho internacional _b: Memoria leida en el ejercicio del grado de Doctor en Derecho / _cpor Antonio de Calatayud Ortizá. |
| 260 |
_aValencia : _b[s.n.], _c1913 ( _fEst. Tip. de F. Vives Mora) |
||
| 300 |
_a166 p. ; _c20 cm. |
||
| 502 | _aTesis doctoral. | ||
| 650 | 4 |
_aEspacio aéreo (Derecho internacional) _9163608 |
|
| 852 |
_aES-MaACL _jT-1356-F-2 _z.- Ded. autogr. del autor |
||
| 999 |
_c38192 _d38192 |
||